Central Library OPAC University of Rajshahi
Normal view MARC view

Entry Geographic Name

Number of records used in: 2

001 - CONTROL NUMBER

  • control field: 15392

003 - CONTROL NUMBER IDENTIFIER

  • control field: BD-RjUL

005 - DATE AND TIME OF LATEST TRANSACTION

  • control field: 20250505114855.0

008 - FIXED-LENGTH DATA ELEMENTS

  • fixed length control field: 250505|| aca||aabn | a|a d

040 ## - CATALOGING SOURCE

  • Original cataloging agency: BD-RjUL
  • Transcribing agency: BD-RjUL

151 ## - HEADING--GEOGRAPHIC NAME

  • Geographic name: Differential calculas

670 ## - SOURCE DATA FOUND

  • Source citation: Work cat.: (BD-RjUL)84887: Chakrabarti, P. K. 15390, General properties of matter /, 1978